000 00577nam a2200157 i 4500
001 27220
003 ES-MaACL
005 20230906153600.0
007 t|
008 030113s1913 sp ||||1| spa d
100 1 _aArroyo Rojas, Francisco.
_923380
245 1 0 _aConsideraciones sobre la génesis del número abstracto en la Aritmética pura
_b: discurso leído en la Universidad de Granada en la apertura del curso de 1913 a 1914 /
_cFrancisco Arroyo Rojas.
260 _aGranada :
_b[s.n.,
_c1913]
710 2 _aUniversidad de Granada.
_97176
852 _aES-MaACL
_jT-1353-F-8
999 _c27220
_d27220